000 00633nam a2200193Ia 4500
999 _c34511
_d34511
003 GCL
005 20240530102751.0
008 140319s9999 xx 000 0 ara d
040 _aGCL /
_cGCL
082 0 4 _a210/
_bم إ
100 1 _aمحمد سيد احمد المسير
245 1 0 _aالرسول صلى الله عليه وسلم حول الكعبة /
_cمحمد سيد احمد المسير
260 _a[S.N] :
_bالمؤسسة العربية الحديثة ،
_c1988
490 _aاسلاميات
_v0
650 0 4 _aالاسلام
650 0 4 _aالسيرة النبوية
650 0 4 _aالقران
942 _2ddc
_cBK